Natural rubber processing and environmental pollution (Record no. 51574)

MARC details
000 -LEADER
fixed length control field 00430nam a2200157Ia 4500
100 ## - MAIN ENTRY--AUTHOR NAME
Personal name Kothandaraman R.
245 #0 - TITLE STATEMENT
Title Natural rubber processing and environmental pollution
260 ## - PUBLICATION, DISTRIBUTION, ETC. (IMPRINT)
Name of publisher Rubber Board Bulletin
Year of publication 1976
300 ## - PHYSICAL DESCRIPTION
Number of Pages 41-42
650 ## - SUBJECT ADDED ENTRY--TOPICAL TERM
Topical Term Effluent treatment
650 ## - SUBJECT ADDED ENTRY--TOPICAL TERM
Topical Term Environmental pollution
650 ## - SUBJECT ADDED ENTRY--TOPICAL TERM
Topical Term Natural rubber
700 ## - ADDED ENTRY--PERSONAL NAME
Personal name Nair M.K.B.
942 ## - ADDED ENTRY ELEMENTS (KOHA)
Koha item type Bibliography STAF
Holdings
Withdrawn status Lost status Damaged status Not for loan Home library Current library Shelving location Date acquired Serial Enumeration / chronology Koha item type
      Bibliography RRII Library RRII Library Technology 09/04/2014 Volume 13, Issue 3 Bibliography STAF